Around the World - Seoul to Mumbai - Statistics

General Stats
  • This quiz has been taken 64 times
  • The average score is 6 of 10
Answer Stats
Answer % Correct
{Indian} Ocean
93%
Bay of {Bengal}
91%
{South China} Sea
81%
{Arabian} Sea
68%
{East China} Sea
67%
{Yellow} Sea
67%
Strait of {Malacca}
54%
{Andaman} Sea
51%
{Singapore} Strait
39%
{Laccadive} Sea
33%
No matching quizzes found
Score Distribution
Percent of People with Each Score
Percentile by Number Answered
Your Score History
You have not taken this quiz